| 000 | 01885nam a2200265 a 4500 | ||
|---|---|---|---|
| 008 | 120416s1991 ||||||||||||||||| || u | ||
| 020 | _a0749260580 | ||
| 050 | _aQC 320 Ope | ||
| 110 | _aThe Open university | ||
| 245 | 1 | 0 | _aHeat transfer : principles & applications ; blocks 1-9 |
| 260 |
_aMilton Keynes _bOpen University Press _c1991 |
||
| 300 | _a9 volumes : illustrations | ||
| 350 | _a0.00 | ||
| 650 | _aHEAT TRANSFER | ||
| 650 | 0 | _aPHYSICS | |
| 995 |
_aMAIN LIBRARY OPEN ACCESS _D0.00 _e736222 _FCBU-MAIN LIBRARY (Kitwe) _H8 _I9.99 _jQC 320 Ope _M8 _UAVAILABLE _y38865 _ZMain Library Open Access Collection |
||
| 995 |
_aMAIN LIBRARY OPEN ACCESS _D0.00 _e736216 _FCBU-MAIN LIBRARY (Kitwe) _H2 _I9.99 _jQC 320 Ope _M2 _UAVAILABLE _y38869 _ZMain Library Open Access Collection |
||
| 995 |
_aMAIN LIBRARY OPEN ACCESS _D0.00 _e736218 _FCBU-MAIN LIBRARY (Kitwe) _H3 _I9.99 _jQC 320 Ope _M3 _UAVAILABLE _y38864 _ZMain Library Open Access Collection |
||
| 995 |
_aMAIN LIBRARY OPEN ACCESS _D0.00 _e736223 _FCBU-MAIN LIBRARY (Kitwe) _H4 _I9.99 _jQC 320 Ope _M4 _UAVAILABLE _y38866 _ZMain Library Open Access Collection |
||
| 995 |
_aMAIN LIBRARY OPEN ACCESS _D0.00 _e736220 _FCBU-MAIN LIBRARY (Kitwe) _H7 _I9.99 _jQC 320 Ope _M7 _UAVAILABLE _y38860 _ZMain Library Open Access Collection |
||
| 995 |
_aMAIN LIBRARY OPEN ACCESS _D0.00 _e736217 _FCBU-MAIN LIBRARY (Kitwe) _H9 _I9.99 _jQC 320 Ope _M9 _UAVAILABLE _y38870 _ZMain Library Open Access Collection |
||
| 995 |
_aMAIN LIBRARY OPEN ACCESS _D0.00 _e736221 _FCBU-MAIN LIBRARY (Kitwe) _H6 _I9.99 _jQC 320 Ope _M6 _UAVAILABLE _y38867 _ZMain Library Open Access Collection |
||
| 995 |
_aMAIN LIBRARY OPEN ACCESS _D0.00 _e736215 _FCBU-MAIN LIBRARY (Kitwe) _H1 _I9.99 _jQC 320 Ope _M1 _UAVAILABLE _y38868 _ZMain Library Open Access Collection |
||
| 995 |
_aMAIN LIBRARY OPEN ACCESS _D0.00 _e736219 _FCBU-MAIN LIBRARY (Kitwe) _H5 _I9.99 _jQC 320 Ope _M5 _UAVAILABLE _y38871 _ZMain Library Open Access Collection |
||
| 999 |
_c76154 _d76154 |
||